Kto wykonał daną piosenkę Polski Rap - Statystyki

Ogólne statystyki
  • Ten quiz został rozwiązany 11 275 razy
  • Średni wynik to 9 z 15
Statystyki odpowiedzi
Zagadnienie Odpowiedź % Poprawnych
Byłaś piękna, lecz szkoda, że tak krótko Jak widzę dzisiaj zdjęcia, to mi nawet nie jest smutno ReTo
93%
Mówiłaś, że będziesz całować Ja chciałem odlecieć daleko IGI
88%
Mówiła mi mała "Mati" Mówiła "jak czujesz, to napisz" Guzior
82%
Wypływam na morze jak Barbarossa Słyszysz krzyki na łajbie to wiesz kto głos ma ReTo
78%
Złe słowo o rodzicach, to przestanie być zabawnie Na moim brzuchu blizna, bo kiedyś prawie umarłem Ja jestem w Wadowicach modlę się przed Janem Pawłem Bedoes & GolecUorkiestra
75%
A nasza kasta wciąż opętana Chwała walczącym zapamiętana Z betonu dżungla, tu nie ma banana Paluch
72%
Jestem kosmitą i lecę z tym Kiedyś jak Danny Devito dziś jak Shaquille O’Neal Gedz
69%
Obudziłem Minotaura, czym jest przy Nim Twoja armia? Ślady kopyt, szczęki zbroi, dziś wyruszam z nim na Olimp ReTo
69%
Ja z wąsem za uchem, właśnie wydałem "BORuto" Lecę flexem tak zwanym, cały oblany wódą Szpaku
67%
Dzisiaj nie ma tego złego co by nie wyszło na dobre Chcę śmiać się z byle czego i chcę tylko dobrą korbę qry- Chillwagon
59%
Znów mróz, przywiały wiatry, rozbujało chaty Dziś wypiję zdrowie za tych, co noszą góralskie szaty Ganja Mafja
51%
To moje życie, tak to moja droga Z uśmiechem budzę się, każda chwila jest nowa Hemp Gru
38%
Bawcie się z nami, zanim będzie za późno To lato z parchami, w górach, nad wodą, w lesie Grubson
37%
Nienawidzą mnie (mnie) Bo robię co chcę (chcę) Zawsze jestem przed (przed, przed, przed) Gedz
29%
Wjeżdżam bokiem prawie, jak Toyota Supra Z piskiem opon, niech usłyszą to podwórka Anonim x Madkid
27%
Nie znaleziono quizów pasujących do podanych kryteriów
Rozkład punktacji
Procent ludzi z każdym wynikiem
Percentyl według liczby udzielonych odpowiedzi
Twoja historia wyników
Nie rozwiązałeś tego quizu